Ariana Grande - Paroles thank u, next - Statistiques

Statistiques générales
  • Ce quiz a été pris 254 fois
  • Le résultat moyen est 339 sur 444
Statistiques - réponses
Hint Réponse % Correct
I
99%
a
98%
"thank
97%
Post-refrain | Refrain Thank
97%
(thank
97%
thank
97%
you"
97%
you
97%
you,
97%
you)
97%
an
95%
next
95%
(next)
95%
next)
95%
he
93%
so
93%
So,
93%
(so
93%
was
92%
angel
91%
for
91%
I'm
91%
and
90%
And
90%
'Cause
90%
love
90%
(love)
90%
my
90%
me
89%
no
89%
on
87%
Sean
87%
to
87%
But
85%
ex
85%
match
83%
Ricky
83%
Bridge | Pré-refrain One
82%
one
82%
wasn't
82%
with
82%
about
81%
Now
81%
Now,
81%
say
81%
Say
81%
amazing
80%
amazing)
80%
fuckin’
80%
patience
80%
(patience)
80%
Pete,
80%
that,
80%
that
80%
that)
80%
That
80%
got
79%
Got
79%
laugh
79%
thankful
79%
listen
78%
pain
78%
(pain)
78%
some
77%
married
76%
song
76%
(song
76%
taught
75%
end
74%
Couplet 1 Thought
74%
be
72%
could
72%
not
72%
the
72%
up
72%
what
72%
grateful
71%
look
70%
Look
70%
Pré-refrain She
69%
she
69%
Wish
69%
Wrote
69%
Even
68%
see
68%
songs
68%
is
67%
it
67%
last
67%
lost
67%
Malcolm
67%
almost
66%
I've
65%
dad
62%
I'd
62%
that's
62%
drama
60%
from
58%
mama
57%
loved
56%
I'll
55%
Ari
54%
her
54%
do
53%
name
51%
this
51%
gon'
49%
Gon'
49%
much
49%
thanking
48%
(yeah,
48%
yeah)
48%
Yeah,
48%
'bout
47%
day
47%
friends
47%
good
47%
time
47%
someone
46%
else
44%
grew
44%
nothin'
44%
fast
43%
too
43%
met
41%
Couplet 2 Spend
41%
they
41%
ain't
40%
Ain't
40%
at
40%
better
39%
discussions
38%
hands
38%
know
38%
walk
38%
worried
38%
handles
37%
learned
37%
move
37%
need
37%
Holding
36%
more
36%
Plus,
36%
searching
36%
down
35%
found
35%
smash
35%
smash)
35%
We're
34%
aisle
33%
havin'
33%
out
30%
real
30%
Only
29%
make
28%
something
28%
bad
26%
happens
26%
once,
25%
turned
25%
(turned
25%
wanna
25%
God
24%
forbid
23%
(said
23%
Least
22%
she's
14%
yee
12%
Aucun quiz correspondant
Distribution des résultats
% des personnes avec chaque résultat
Percentile par nombre de réponses
Votre historique - résultats
Vous n’avez pas pris ce quiz